000 00626cam a2200229 4500
008 090401t1994 xxu||||| |||| 00| 0 eng d
020 _a0851256457
035 _a(Sirsi) u38668
041 _aeng
050 _a690
110 _aBuilding Research Establishment
245 _aNatural ventilation in non-domestic buildings.
260 _aGarston, Watford
_bBuilding Research Establishment
_c1994
300 _a8p. ; 30cm.
350 _a0
490 _aBRE Digest
_v399
650 _aNATURAL VENTILATION
650 _aNON-DOMESTIC BUILDINGS
690 _aBlock management
_96220
942 _n0
948 _c04/03/1997
999 _c90680
_d90680